| 000 | 00623cam a2200205ua 4500 | ||
|---|---|---|---|
| 005 | 20210816141243.0 | ||
| 008 | 191207n ii |||gr||||Z||||||eng | ||
| 020 | _a9789386179494 | ||
| 040 |
_cMAIN _aIN-DiNC |
||
| 041 | _deng | ||
| 082 |
_a030 _bPAN |
||
| 100 |
_aPandey, Manohar _eauthor |
||
| 245 |
_aGeneral Studies : _bfor civil services preliminary examination (paper 1) / _cBy Manohar Pandey . |
||
| 260 |
_aNew Delhi: _bArihant publications, _c2017. |
||
| 650 | _aGeneral knowledge | ||
| 650 | _aCareer knowledge | ||
| 653 | _aGeneral encyclopedic works | ||
| 700 |
_aGoyal, Priya _eEditor |
||
| 942 |
_cBK _2ddc |
||
| 999 |
_c10756 _d10756 |
||